| 000 | 00713nam a2200217 a 4500 | ||
|---|---|---|---|
| 999 |
_c2659 _d2659 |
||
| 001 | 2659 | ||
| 003 | BD-JhCC | ||
| 005 | 20171106123711.0 | ||
| 008 | 171105s1382 b ||||| |||| 00| 0 b d | ||
| 035 | _a(BD-JhCC)2659 | ||
| 040 |
_aBD-JhCC _dBD-JhCC |
||
| 041 | _aben | ||
| 082 |
_a891.4409 _bBUN 1382 |
||
| 100 | _aবন্দ্যোপাধ্যায়, হিরণ্ময় | ||
| 245 |
_aবিশ্ব-জিজ্ঞাসা / _cহিরণ্ময় বন্দ্যোপাধ্যায় |
||
| 260 |
_aঢাকা : _bরবীন্দ্রভারতী, _c১৩৮২ |
||
| 300 |
_a597 p. : _c22cm. |
||
| 650 | _aBengali Literature | ||
| 942 |
_2ddc _cBK |
||